Obras satíricas y festivas
Enregistré dans:
| Auteur principal: | |
|---|---|
| Format: | Livre |
| Langue: | Undetermined |
| Publié: |
Madrid, España
Espasa-Calpe
1975
|
| Édition: | 6 |
| Sujets: | |
| Tags: |
Ajouter un tag
Pas de tags, Soyez le premier à ajouter un tag!
|
MARC
| LEADER | 00000nam a2200000Ia 4500 | ||
|---|---|---|---|
| 008 | 170316s9999 xx 000 0 und d | ||
| 040 | |a cru BVZT | ||
| 090 | |a 862 Q-2o | ||
| 100 | |a Quevedo y Villegas, Francisco de | ||
| 245 | |a Obras satíricas y festivas | ||
| 250 | |a 6 | ||
| 260 | |a Madrid, España | ||
| 260 | |b Espasa-Calpe | ||
| 260 | |c 1975 | ||
| 300 | |a 260 páginas | ||
| 650 | |a LITERATURA ESPAÑOLA | ||
| 650 | |a OBRAS SATÍRICAS | ||
| 650 | |a OBRAS FESTIVAS | ||
| 999 | |c 10319 |d 10319 | ||
| 942 | |c 15 D |h 862 Q-2o |2 z | ||
